Central Library OPAC University of Rajshahi

Lectures on rhetoric and oratory / (Record no. 17983)

MARC details
000 -LEADER
fixed length control field 01034cam a22002771 4500
001 - CONTROL NUMBER
control field 17983
003 - CONTROL NUMBER IDENTIFIER
rucl marc code BD-RjUL
005 - DATE AND TIME OF LATEST TRANSACTION
control field 20211209000224.0
008 - FIXED-LENGTH DATA ELEMENTS--GENERAL INFORMATION
fixed length control field 741125r19621810nyu 000 0 eng
035 ## - SYSTEM CONTROL NUMBER
System control number (BD-RjUL)18041
System control number (OCoLC)1086926
040 ## - CATALOGING SOURCE
Original cataloging agency DLC
Transcribing agency OTU
Modifying agency BD-RjUL
Language of cataloging eng
041 ## - LANGUAGE CODE
Language code of text/sound track or separate title eng
082 00 - DEWEY DECIMAL CLASSIFICATION NUMBER
Classification number 808.5
Author mark and year ADL V-1 1962
100 1# - MAIN ENTRY--PERSONAL NAME
Personal name Adams, John Quincy,
Dates associated with a name 1767-1848
9 (RLIN) 55437
245 10 - TITLE STATEMENT
Title Lectures on rhetoric and oratory /
Statement of responsibility, etc. With a new introduction by J. Jeffery Auer and Jerald L. Banninga.
Number of part/section of a work volume I
260 ## - PUBLICATION, DISTRIBUTION, ETC. (IMPRINT)
Place of publication, distribution, etc. New York :
Name of publisher, distributor, etc. Russell & Russell,
Date of publication, distribution, etc. c1962.
300 ## - PHYSICAL DESCRIPTION
Pagination V. ;
Size 23 cm.
500 ## - GENERAL NOTE
General note Facsimile reprint of the original edition of 1810, with t.p. reading: Lectures on rhetoric and oratory, delivered to the classes of senior and junior sophisters in Harvard University ... Cambridge, Printed by Hilliard and Metcalf, 1810.
505 ## - FORMATTED CONTENTS NOTE
Formatted contents note Vol. 1.--V. 2.--
650 #0 - SUBJECT ADDED ENTRY--TOPICAL TERM
Topical term or geographic name as entry element Rhetoric.
9 (RLIN) 55438
Topical term or geographic name as entry element Oratory.
9 (RLIN) 47362
942 ## - ADDED ENTRY ELEMENTS (KOHA)
Source of classification or shelving scheme Dewey Decimal Classification
Koha item type Books
Holdings
Lost status Source of classification or shelving scheme Damaged status Not for loan Collection code Permanent Location Current Location Shelving location Date acquired Source of acquisition Cost, normal purchase price Total Checkouts Full call number Date last seen Copy number Koha item type
  Dewey Decimal Classification   Not For Loan Fiction Central Library, University of Rajshahi Central Library, University of Rajshahi Reading Room 06/03/1970 Zeitlinger 166.00   808.5 ADL V-1 1962 19/02/2014 C-1 Books
  Dewey Decimal Classification   Not For Loan Non-fiction Central Library, University of Rajshahi Central Library, University of Rajshahi Reading Room 10/12/2019       808.5 ADL V-2 1962 10/12/2019 C-1 Books